Pension Reforms in Europe : How Far Have We Come and Gone? /

In the past few decades, a myriad of reforms in Europe have had a significant impact on the way and extent to which public pensions provide retirement income. This departmental paper takes stock of where European pension systems stand and assesses their key characteristics. We present a novel measur...

Celý popis

Podrobná bibliografie
Hlavní autor: Fouejieu, Armand
Další autoři: Kangur, Alvar, Martinez, Samuel, Soto, Mauricio
Médium: Časopis
Jazyk:English
Vydáno: Washington, D.C. : International Monetary Fund, 2021.
Edice:Departmental Papers; Departmental Paper ; No 2021/016
Témata:
On-line přístup:Full text available on IMF
LEADER 01827cas a2200313 a 4500
001 AALejournalIMF021933
008 230101c9999 xx r poo 0 0eng d
020 |c 20.00 USD 
020 |z 9781513593920 
022 |a 2616-5333 
040 |a BD-DhAAL  |c BD-DhAAL 
100 1 |a Fouejieu, Armand. 
245 1 0 |a Pension Reforms in Europe :   |b How Far Have We Come and Gone? /  |c Armand Fouejieu, Alvar Kangur, Samuel Martinez, Mauricio Soto. 
264 1 |a Washington, D.C. :  |b International Monetary Fund,  |c 2021. 
300 |a 1 online resource (93 pages) 
490 1 |a Departmental Papers 
500 |a <strong>Off-Campus Access:</strong> No User ID or Password Required 
500 |a <strong>On-Campus Access:</strong> No User ID or Password Required 
506 |a Electronic access restricted to authorized BRAC University faculty, staff and students 
520 3 |a In the past few decades, a myriad of reforms in Europe have had a significant impact on the way and extent to which public pensions provide retirement income. This departmental paper takes stock of where European pension systems stand and assesses their key characteristics. We present a novel measure of the balance between lifetime benefits and contributions-the Proportionality Measure-to examine pension systems' long-term sustainability, fairness, and intergenerational equity. 
538 |a Mode of access: Internet 
650 7 |a Fiscal Policy  |2 imf 
650 7 |a Forecasts Of Budgets, Deficits, and Debt  |2 imf 
650 7 |a Social Security and Public Pensions  |2 imf 
700 1 |a Kangur, Alvar. 
700 1 |a Martinez, Samuel. 
700 1 |a Soto, Mauricio. 
830 0 |a Departmental Papers; Departmental Paper ;  |v No 2021/016 
856 4 0 |z Full text available on IMF  |u http://elibrary.imf.org/view/journals/087/2021/016/087.2021.issue-016-en.xml  |z IMF e-Library